Normal view
MARC view
- Mitchell Pacelle
Entry Personal Name
001 - CONTROL NUMBER
- control field: 9349
003 - CONTROL NUMBER IDENTIFIER
- control field: NUST
005 - DATE AND TIME OF LATEST TRANSACTION
- control field: 20180121120809.0
008 - FIXED-LENGTH DATA ELEMENTS
- fixed length control field: 180121|| aca||aabn | a|a d
040 ## - CATALOGING SOURCE
- Original cataloging agency: NUST
- Transcribing agency: NUST
100 ## - HEADING--PERSONAL NAME
- Personal name: Mitchell Pacelle
670 ## - SOURCE DATA FOUND
- Source citation: Work cat.: (NUST)320939: Mitchell Pacelle, Empire : a tale of obsession, betrayal, and the battle for an American icon, 2001
